<?xml version="1.0" encoding="UTF-8"?>
<record
    xmlns:xsi="http://www.w3.org/2001/XMLSchema-instance"
    xsi:schemaLocation="http://www.loc.gov/MARC21/slim http://www.loc.gov/standards/marcxml/schema/MARC21slim.xsd"
    xmlns="http://www.loc.gov/MARC21/slim">

  <leader>00996nam1a2200313 i 4500</leader>
  <controlfield tag="001">RU\NLR\bibl\1846877</controlfield>
  <controlfield tag="005">20241103041654.0</controlfield>
  <datafield tag="010" ind1=" " ind2=" ">
    <subfield code="a">9785880172238</subfield>
    <subfield code="9">3000</subfield>
  </datafield>
  <datafield tag="035" ind1=" " ind2=" ">
    <subfield code="a">(NLR Aleph) 001837303</subfield>
  </datafield>
  <datafield tag="090" ind1=" " ind2=" ">
    <subfield code="a">2223243</subfield>
    <subfield code="c">2223243</subfield>
  </datafield>
  <datafield tag="100" ind1=" " ind2=" ">
    <subfield code="a">20111212d2011    u  y0rusy50      ca</subfield>
  </datafield>
  <datafield tag="101" ind1="0" ind2=" ">
    <subfield code="a">chu</subfield>
  </datafield>
  <datafield tag="102" ind1=" " ind2=" ">
    <subfield code="a">RU</subfield>
  </datafield>
  <datafield tag="105" ind1=" " ind2=" ">
    <subfield code="a">||||z   |||||</subfield>
  </datafield>
  <datafield tag="200" ind1="1" ind2=" ">
    <subfield code="a">&#x41E;&#x43A;&#x442;&#x43E;&#x438;&#x445;, &#x441;&#x438;&#x440;&#x435;&#x447;&#x44C; &#x41E;&#x441;&#x43C;&#x43E;&#x433;&#x43B;&#x430;&#x441;&#x43D;&#x438;&#x43A;</subfield>
  </datafield>
  <datafield tag="210" ind1=" " ind2=" ">
    <subfield code="a">&#x41C;&#x43E;&#x441;&#x43A;&#x432;&#x430;</subfield>
    <subfield code="c">&#x418;&#x437;&#x434;-&#x432;&#x43E; &#x41C;&#x43E;&#x441;&#x43A;&#x43E;&#x432;&#x441;&#x43A;&#x43E;&#x439; &#x41F;&#x430;&#x442;&#x440;&#x438;&#x430;&#x440;&#x445;&#x438;&#x438; &#x420;&#x443;&#x441;&#x441;&#x43A;&#x43E;&#x439; &#x41F;&#x440;&#x430;&#x432;&#x43E;&#x441;&#x43B;&#x430;&#x432;&#x43D;&#x43E;&#x439; &#x426;&#x435;&#x440;&#x43A;&#x432;&#x438;</subfield>
    <subfield code="d">2011</subfield>
  </datafield>
  <datafield tag="215" ind1=" " ind2=" ">
    <subfield code="d">30</subfield>
  </datafield>
  <datafield tag="300" ind1=" " ind2=" ">
    <subfield code="a">&#x417;&#x430;&#x433;&#x43B;. &#x438; &#x442;&#x435;&#x43A;&#x441;&#x442; &#x43D;&#x430; &#x446;&#x435;&#x440;&#x43A;&#x43E;&#x432;&#x43D;&#x43E;&#x441;&#x43B;&#x430;&#x432;&#x44F;&#x43D;. &#x44F;&#x437;.</subfield>
  </datafield>
  <datafield tag="463" ind1=" " ind2="0">
    <subfield code="1">0011821426</subfield>
  </datafield>
  <datafield tag="463" ind1=" " ind2="0">
    <subfield code="1">0011820974</subfield>
  </datafield>
  <datafield tag="606" ind1=" " ind2=" ">
    <subfield code="a">&#x41E;&#x43A;&#x442;&#x43E;&#x438;&#x445;</subfield>
    <subfield code="9">2072666</subfield>
    <subfield code="3">RU\NLR\AUTH\661247511</subfield>
  </datafield>
  <datafield tag="686" ind1=" " ind2=" ">
    <subfield code="a">&#x42D;372.24-507.14</subfield>
  </datafield>
  <datafield tag="801" ind1=" " ind2="0">
    <subfield code="a">RU</subfield>
    <subfield code="b">NLR</subfield>
    <subfield code="c">20111212</subfield>
    <subfield code="g">RCR</subfield>
  </datafield>
  <datafield tag="801" ind1=" " ind2="1">
    <subfield code="a">RU</subfield>
    <subfield code="b">NLR</subfield>
    <subfield code="c">20111212</subfield>
  </datafield>
  <datafield tag="852" ind1=" " ind2=" ">
    <subfield code="a">NLR</subfield>
    <subfield code="j">2011-8/2915</subfield>
  </datafield>
  <datafield tag="942" ind1=" " ind2=" ">
    <subfield code="c">BOOK</subfield>
  </datafield>
</record>
